000 00554nam a2200217 a 4500
999 _c6266
_d6266
001 6266
003 BD-JhCC
005 20180118172035.0
008 180118s1979 b |||| || | 000 0 eng d
035 _a(BD-JhCC)6266
040 _aBD-JhCC
_dBD-JhCC
041 _aeng
082 _a297.122
_bSAT 1979
100 _aSattar, Dr. Abdus
245 _aThe Quranic Stories /
_c Dr. Abdus Sattar,
260 _aDacca :
_bIslamic Foundation Bangladesh,
_c1979.
300 _a114 p. :
_c20 cm.
650 _aQuran Stories
942 _2ddc
_cBK